| 000 | 01004nam a22003137a 4500 | ||
|---|---|---|---|
| 003 | CHAP | ||
| 005 | 20220329134531.0 | ||
| 008 | 971013s r 00010 d | ||
| 010 | _a21758 | ||
| 011 | _a22730 | ||
| 035 | _a26825 | ||
| 040 | _cCHAP | ||
| 082 |
_a342.07972 _bI5 |
||
| 110 |
_aInstituto Federal Electoral. México _959190 |
||
| 245 | _aInforme de actividades 19 - 19 | ||
| 260 |
_aMéxico, D.F. : _bEl Instituto, _c19 - |
||
| 300 | _av. | ||
| 500 | _aLa biblioteca tiene : 1993-94 | ||
| 590 |
_aBATCH-UPD _b10 _c20130110 _lUCH01 _h1753 |
||
| 590 |
_aBATCH-UPD _b10 _c20130410 _lUCH01 _h1130 |
||
| 590 |
_aBATCH-UPD _b10 _c20130914 _lUCH01 _h1255 |
||
| 590 |
_aBATCH-UPD _b10 _c20161124 _lUCH01 _h1708 |
||
| 590 |
_aCONVERSION _b10 _c20130109 _lUCH01 _h1313 |
||
| 650 | 1 | 4 |
_aElecciones _xLegislación _xMéxico. _936205 |
| 651 | 4 |
_aMéxico _xPolítica y gobierno. _976783 |
|
| 901 | _aBK | ||
| 942 | _cLIBRO | ||
| 949 |
_a342.07972 I5 _bBC _cLIBRO _d33724000380390 _eLIBRO _f1993-94 _h87424 _i26825 _si |
||
| 999 |
_c21758 _d21758 |
||